Delivering energy efficiency in commercial buildings (Record no. 115079)

MARC details
000 -LEADER
fixed length control field 01088cam a22002295a 4500
001 - CONTROL NUMBER
control field L158017
008 - FIXED-LENGTH DATA ELEMENTS--GENERAL INFORMATION
fixed length control field 121121s2013 xxko f 000 0 eng d
020 ## - INTERNATIONAL STANDARD BOOK NUMBER
International Standard Book Number 9781848063471
035 ## - SYSTEM CONTROL NUMBER
System control number (Sirsi) u158017
041 0# - LANGUAGE CODE
Language code of text/sound track or separate title eng
100 1# - MAIN ENTRY--PERSONAL NAME
Personal name Taylor, Tom
245 04 - TITLE STATEMENT
Title Delivering energy efficiency in commercial buildings
Remainder of title a guide for facilities managers
260 ## - PUBLICATION, DISTRIBUTION, ETC.
Place of publication, distribution, etc. Watford
Name of publisher, distributor, etc. BRE
Date of publication, distribution, etc. 2013
300 ## - PHYSICAL DESCRIPTION
Extent 8p.
Other physical details ill.
Dimensions 30cm.
490 #0 - SERIES STATEMENT
Series statement BRE Information Paper
Volume/sequential designation (15/13)
520 ## - SUMMARY, ETC.
Summary, etc. Draws on the combined knowledge and experience of BRE and the Swiss Institute of Facility Management (ZHAW) to provide targeted guidance on how to deliver energy efficiency through improved facilities management. It is the first in a series of publications providing guidance for facilities managers, maintenance contractors and building owners on a number of issues relating to the operation and management of commercial buildings.
521 ## - TARGET AUDIENCE NOTE
Target audience note Advanced
590 ## - LOCAL NOTE (RLIN)
Local note KA
651 #4 - SUBJECT ADDED ENTRY--GEOGRAPHIC NAME
Geographic name United Kingdom
Chronological subdivision
690 ## - LOCAL SUBJECT ADDED ENTRY--TOPICAL TERM (OCLC, RLIN)
Topical term or geographic name as entry element ENVIRONMENTAL AND LAND CONSULTANCY-ENERGY-ENERGY USE-ENERGY EFFICIENCY
942 ## - ADDED ENTRY ELEMENTS (KOHA)
Suppress in OPAC 0
Holdings
Withdrawn status Lost status Source of classification or shelving scheme Damaged status Not for loan Home library Current library Shelving location Date acquired Total Checkouts Full call number Barcode Date last seen Copy number Price effective from Koha item type
    Dewey Decimal Classification     London London BRE publications 13/11/2013   BRE 30075096 06/08/2019 1 06/08/2019 Book